[Event "ESP-ch U16"]
[Site "Salobrena"]
[Date "2021.07.19"]
[Round "2"]
[White "Cebolla Ruiz, David"]
[Black "Fernandez Estremera, Fernando"]
[Result "1/2-1/2"]
[WhiteElo "1475"]
[BlackElo "2123"]
[PlyCount "157"]
[EventDate "2021.07.19"]
[EventType "swiss"]
[EventRounds "9"]
[EventCountry "ESP"]
[SourceTitle "EXT 2022"]
[Source "ChessBase"]
[SourceDate "2021.10.06"]
[SourceVersion "1"]
[SourceVersionDate "2021.10.06"]
[SourceQuality "1"]

1. e4 c5 2. Nf3 e6 3. d4 cxd4 4. Nxd4 Nf6 5. Nc3 Nc6 6. Be3 Bb4 7. Bd3 d5 8. exd5 Nxd5 9. Nxc6 bxc6 10. Bd2 Nxc3 11. bxc3 Bd6 12. Qh5 Qc7 13. 0-0 c5 14. Bc4 0-0 15. f4 g6 16. Qh6 Bb7 17. Qg5 Be7 18. Qh6 Bf6 19. Rab1 Rad8 20. Rf2 Be4 21. Be1 Bd5 22. Bxd5 Rxd5 23. Qh3 Rb8 24. Rxb8+ Qxb8 25. f5 Qe5 26. fxe6 fxe6 27. Qf3 Qxe1+ 28. Rf1 Qxc3 29. Qxf6 Qxf6 30. Rxf6 Rd1+ 31. Rf1 Rxf1+ 32. Kxf1 Kf7 33. Ke2 Ke7 34. Kd3 Kd6 35. Ke4 e5 36. c4 Ke6 37. g4 Kf6 38. Kd5 Kg5 39. Kxe5 Kxg4 40. Kd5 Kh3 41. Kxc5 Kxh2 42. Kd6 g5 43. c5 g4 44. c6 g3 45. c7 g2 46. c8Q g1Q 47. Qc2+ Kg3 48. Qd3+ Kf4 49. Qc4+ Kf3 50. Qd5+ Ke2 51. Qb5+ Kd2 52. Qb2+ Kd3 53. Qb3+ Ke2 54. Qc2+ Ke1 55. Qc1+ Kf2 56. Qd2+ Kg3 57. Qd3+ Kg2 58. Qd5+ Kg3 59. Qd3+ Kf4 60. Qc4+ Kf3 61. Qd5+ Ke2 62. Qc4+ Kd2 63. Qb4+ Kc1 64. Qc3+ Kb1 65. Qd3+ Kxa2 66. Qc2+ Ka1 67. Qc3+ Ka2 68. Qc2+ Ka3 69. Qc3+ Ka4 70. Qc4+ Ka5 71. Qc3+ Kb5 72. Qb3+ Ka5 73. Qc3+ Ka6 74. Qc4+ Ka5 75. Qc3+ Ka4 76. Qc4+ Ka3 77. Qc3+ Ka2 78. Qc2+ Ka1 79. Qc3+ 1/2-1/2